000
00282nam a22001337a 4500
008
170718b xxu||||| |||| 00| 0 eng d
020
_a
0896083616
041
_a
eng
080
_a
2
100
_a
24
101
_a
TEO
245
_a
SPIRITUAL WARFARE
_c
DIAMOND, S
942
_2
udc
_c
BK
999
_c
21487
_d
21487